| 000 | 00518 a2200169 4500 | ||
|---|---|---|---|
| 001 | 145942 | ||
| 040 | _cLeonardo Da Vinci | ||
| 041 | _aPortuguês | ||
| 082 |
_a330.1 R375u _bR375u |
||
| 100 | _aREIS, Adinilson Marques | ||
| 245 | _aUma proposta dinâmica para o ensino de função afim a partir de erros dos alunos no primeiro ano do ensino médio | ||
| 260 |
_c2011 _aSão Paulo |
||
| 300 | _a187 | ||
| 362 | _a20110000 | ||
| 697 |
_aEnsino Médio _aMatemática _aFormação de professores _aFIPEN |
||
| 942 | _cBK | ||
| 999 |
_c145942 _d145942 |
||